000 00765nam a2200229 i 4500
001 188570
003 ES-MaACL
005 20230906223236.0
007 t|
008 181220s1971 sp ||||1| spa d
100 1 _aHasenhuettl, Gotthold.
_9165827
245 1 3 _aFe y existencia
_b: un encuentro con Rudolf Bultmann desde la inteligencia católica de la fe /
_cGothold Hasenhüttl ; [traducida por Víctor Bazterrica].
260 _aBarcelona :
_bEstela,
_c1971.
300 _a365 p. ;
_c21 cm.
490 1 _aColección "Theologia" ;
_v20
600 0 4 _aBultmann, Rudolf.
_932536
650 0 4 _aFe.
_912734
700 0 _aBazterrica, Victor.
_926756
830 0 _aColección "Theologia" ;
_v20
_9193093
852 _aES-MaACL
_jP-160-19
999 _c188570
_d188570